English structural syntax
Nội dung sách gồm 13 chương đi từ việc ôn về các loại từ, đến các mẫu câu cơ bản, rồi đến các nhóm từ, sau cùng là cách ngắt câu và các phần tử đối xứng.
Salvato in:
| Autore principale: | |
|---|---|
| Natura: | Libro |
| Lingua: | Undetermined |
| Pubblicazione: |
Thành Phố Hồ Chí Minh
Tổng hợp Thành Phố Hồ Chí Minh
2007
|
| Soggetti: | |
| Tags: |
Aggiungi Tag
Nessun Tag, puoi essere il primo ad aggiungerne! !
|
| Thư viện lưu trữ: | Trung tâm Học liệu Trường Đại học Cần Thơ |
|---|
| LEADER | 00894nam a2200217Ia 4500 | ||
|---|---|---|---|
| 001 | CTU_132477 | ||
| 008 | 210402s9999 xx 000 0 und d | ||
| 020 | |c 59000 | ||
| 082 | |a 421 | ||
| 082 | |b K600 | ||
| 100 | |a Trần, Hữu Kỳ | ||
| 245 | 0 | |a English structural syntax | |
| 245 | 0 | |c Trần Hữu Kỳ | |
| 260 | |a Thành Phố Hồ Chí Minh | ||
| 260 | |b Tổng hợp Thành Phố Hồ Chí Minh | ||
| 260 | |c 2007 | ||
| 520 | |a Nội dung sách gồm 13 chương đi từ việc ôn về các loại từ, đến các mẫu câu cơ bản, rồi đến các nhóm từ, sau cùng là cách ngắt câu và các phần tử đối xứng. | ||
| 650 | |a English language,Ngôn ngữ học tiếng Anh | ||
| 650 | |x Syntax | ||
| 904 | |i Tuýen | ||
| 980 | |a Trung tâm Học liệu Trường Đại học Cần Thơ | ||